Pedagogické a sociálne charakteristiky učiteľov stredných škôl

Salvato in:
Dettagli Bibliografici
Autore principale: Kotyrová, Eva, 1982- (Autore)
Altri autori: Chmelárová, Zuzana, 1967- (Relatore della tesi)
Natura: Manoscritto Libro
Lingua:slovacco
Pubblicazione: STU v Bratislave MTF UIPH, 2010
Soggetti:
Accesso online:VAIS
Tags: Aggiungi Tag
Nessun Tag, puoi essere il primo ad aggiungerne!!

MARC

LEADER 00000ntm a22000003a 4500
001 stu208042
005 20160719160235.3
008 100722s2010------------------------slo-d
040 |a STU  |b slo 
041 0 |a slo 
100 1 |a Kotyrová, Eva,  |d 1982-  |4 aut  |X 57466  |7 A000057466 
242 0 0 |a Pedagogical and social charasteristic of teachers of secondary schools  |y eng 
245 1 |a Pedagogické a sociálne charakteristiky učiteľov stredných škôl 
260 |b STU v Bratislave MTF UIPH,  |c 2010 
650 7 |a osobnosť učiteľa  |2 stusub 
650 7 |a sebareflexia  |2 stusub 
700 1 |a Chmelárová, Zuzana,  |d 1967-  |4 ths  |u M220  |U MTF Ústav inžinierskej pedagogiky a humatitných vied  |T MTF Katedra inžinierskej pedagogiky a psychológie  |X 231  |U M220  |Y M220  |7 A000000231 
856 4 |a info a plný text  |u http://is.stuba.sk/zp/portal_zp.pl?podrobnosti=58657  |3 VAIS 
996 |c M*DP-9640  |l MMSKP  |s P  |a 0  |w stu208042_0001